Juvenile delinquency : (Record no. 2604)
[ view plain ]
| 000 -LEADER | |
|---|---|
| fixed length control field | 00949cam a2200301 a 4500 |
| 001 - CONTROL NUMBER | |
| control field | 3513487 |
| 003 - CONTROL NUMBER IDENTIFIER | |
| control field | GZU |
| 005 - DATE AND TIME OF LATEST TRANSACTION | |
| control field | 20201104092331.0 |
| 008 - FIXED-LENGTH DATA ELEMENTS--GENERAL INFORMATION | |
| fixed length control field | 950512s1995 ilu b 000 0 eng |
| 010 ## - LIBRARY OF CONGRESS CONTROL NUMBER | |
| LC control number | 95152876 |
| 020 ## - INTERNATIONAL STANDARD BOOK NUMBER | |
| International Standard Book Number | 9780495601135 |
| 040 ## - CATALOGING SOURCE | |
| Original cataloging agency | DLC |
| Transcribing agency | DLC |
| Modifying agency | DLC |
| 043 ## - GEOGRAPHIC AREA CODE | |
| Geographic area code | n-us--- |
| 050 00 - LIBRARY OF CONGRESS CALL NUMBER | |
| Classification number | HV9104 |
| Item number | .S84 2008 |
| 082 00 - DEWEY DECIMAL CLASSIFICATION NUMBER | |
| Classification number | 364.3/6/0973 |
| Edition number | 20 |
| 245 00 - TITLE STATEMENT | |
| Title | Juvenile delinquency : |
| Remainder of title | the core / |
| Statement of responsibility, etc. | Siegel, L.J |
| 250 ## - EDITION STATEMENT | |
| Edition statement | 3rd ed. |
| 260 ## - PUBLICATION, DISTRIBUTION, ETC. | |
| Place of publication, distribution, etc. | Belmont. : |
| Name of publisher, distributor, etc. | Wadsworth, |
| Date of publication, distribution, etc. | c2008. |
| 300 ## - PHYSICAL DESCRIPTION | |
| Extent | vi, 443 p. ; |
| Dimensions | 23 cm. |
| 504 ## - BIBLIOGRAPHY, ETC. NOTE | |
| Bibliography, etc. note | Includes bibliographical references. |
| 650 #0 - SUBJECT ADDED ENTRY--TOPICAL TERM | |
| Topical term or geographic name entry element | Juvenile delinquency |
| Geographic subdivision | United States. |
| 650 #0 - SUBJECT ADDED ENTRY--TOPICAL TERM | |
| Topical term or geographic name entry element | Juvenile justice, Administration of |
| Geographic subdivision | United States. |
| 700 1# - ADDED ENTRY--PERSONAL NAME | |
| Personal name | Weisheit, Ralph A. |
| 700 1# - ADDED ENTRY--PERSONAL NAME | |
| Personal name | Culbertson, Robert G. |
| 906 ## - LOCAL DATA ELEMENT F, LDF (RLIN) | |
| a | 7 |
| b | cbc |
| c | orignew |
| d | 2 |
| e | ncip |
| f | 19 |
| g | y-gencatlg |
| 942 ## - ADDED ENTRY ELEMENTS (KOHA) | |
| Source of classification or shelving scheme | Library of Congress Classification |
| Koha item type | Books |
| Edition | 3rd ed. |
| Classification part | 9104 |
| Item part | SIE |
| Call number prefix | HV |
| Call number suffix | 2008 |
| Withdrawn status | Lost status | Damaged status | Not for loan | Collection code | Home library | Current library | Shelving location | Date acquired | Total Checkouts | Full call number | Barcode | Date last seen | Copy number | Price effective from | Koha item type |
|---|---|---|---|---|---|---|---|---|---|---|---|---|---|---|---|
| Non-fiction | City Campus Library | City Campus Library | General Stacks | 11/04/2020 | HV9104 SIE 2008 | 029181 | 11/04/2020 | c.1 | 11/04/2020 | Books | |||||
| Non-fiction | City Campus Library | City Campus Library | General Stacks | 11/04/2020 | HV9104 SIE 2008 | 029180 | 11/04/2020 | c.2 | 11/04/2020 | Books | |||||
| Non-fiction | City Campus Library | City Campus Library | General Stacks | 11/04/2020 | HV9104 SIE 2008 | 029182 | 11/04/2020 | c.3 | 11/04/2020 | Books |